Des biens

Saved in:
Bibliographic Details
Main Authors: Baudry-Lacantinerie, G (Author), Chaveau, M (Author)
Format: Book
Language:French
Published: París Sirey 1905
Edition:3a. ed
Series:Traité Théorique et Pratique de Droit Civil, 6
Subjects:
Tags: Add Tag
No Tags, Be the first to tag this record!

MARC

LEADER 00000nam a2200000 a 4500
001 UCS1815
003 CL-VaPUC
008 970515e19050000FR |||||||||||||||||fre|d
082 0 4 |a 346.44  |b BAU  |2 21 
100 0 |a Baudry-Lacantinerie, G  |e author  |9 386634 
700 0 |a Chaveau, M  |e author  |9 386635 
245 1 0 |a Des biens 
250 |a 3a. ed 
300 |a 925 p 
942 |c BK 
945 |d 19970515 00:00:00  |a paguirre 
260 |a París  |b Sirey  |c 1905 
650 0 |a Derecho civil  |9 255013 
650 0 |a Bienes  |9 255749 
650 0 |a Usufructo  |9 256763 
650 0 |a Propiedad   |9 255268 
650 7 |a SERVIDUMBRES  |2 CL-VaPUC  |9 256762 
651 0 |a Francia  |9 255157 
583 |a last modification  |c 19970515 00:00:00  |k Rodrigo Vera 
490 0 |a Traité Théorique et Pratique de Droit Civil, 6 
999 |c 259847  |d 259845 
952 |0 0  |1 0  |4 0  |6 346_440000000000000_BAU_1905  |7 0  |8 X  |9 285337  |a BIBDER  |b BIBDER  |d 2019-11-19  |i 1853538  |o 346.44 BAU 1905  |p 1853538  |r 2023-01-25  |w 2019-11-19  |y BK_X  |k DER